Nová právna úprava domáckej práce a telepráce
Informácia o prijatí novely Zákonníka práce č. 76/2021 Z. z. s právnou účinnosťou od 1. marca 2021 s početnými legislatívnymi zmenami, z ktorých najvýznamnejšou je zmena doterajšieho právneho modelu domáckej práce a telepráce.
Salvato in:
| Autore principale: | |
|---|---|
| Natura: | Capitolo di libro |
| Lingua: | slovacco |
| Soggetti: | |
| Tags: |
Nessun Tag, puoi essere il primo ad aggiungerne!!
|
MARC
| LEADER | 00000naa a2200000 4500 | ||
|---|---|---|---|
| 001 | 0282614 | ||
| 005 | 20220314093809.8 | ||
| 041 | 0 | |a slo | |
| 044 | |a SK | ||
| 245 | 1 | 0 | |a Nová právna úprava domáckej práce a telepráce |c Helena Barancová |
| 520 | |a Informácia o prijatí novely Zákonníka práce č. 76/2021 Z. z. s právnou účinnosťou od 1. marca 2021 s početnými legislatívnymi zmenami, z ktorých najvýznamnejšou je zmena doterajšieho právneho modelu domáckej práce a telepráce. | ||
| 610 | 2 | 0 | |a práca z domu |
| 610 | 2 | 0 | |a telepráca |
| 610 | 2 | 0 | |a úpravy právne |
| 610 | 2 | 0 | |a novelizácia |
| 610 | 2 | 0 | |a pandémia |
| 100 | 1 | |a Barancová, Helena | |